000 00549nam a2200181 a 4500
003 PILC
005 20150317095224.0
008 030809s mau 000 0 eng d
020 _a0619033789
050 0 0 _aHF 5548.32
_b.Sch36 2001
100 1 _aSchneider, Gary P.,
_d1952-
245 1 0 _aElectronic commerce /
_cGary P. Schneider and James T. Perry.
260 _aBoston :
_bCourse Technology,
_cc2001.
300 _axviii, 478 pages :
_billustrations ;
_c24 cm.
650 0 _aElectronic commerce.
700 1 _aPerry, James T.
942 _2lcc
_cBK
999 _c283762
_d283762